000 02508cam a22006134i 4500
003 PE-LiUPU
005 20250731170439.0
008 150625s2000 sp a rb 000 0 spa d
020 _a8479144874
020 _a9788479144876
035 _a(Sirsi) i9788479144876
040 _aPE-LiUPU
_bspa
_cPE-LiUPU
_dPE-LiUPU
_erda
049 _aPRUA
082 0 4 _a174.2
_bB645b
_221
100 1 _aBlázquez, Niceto,
_eautor.
245 1 0 _aBioética :
_bla nueva ciencia de la vida /
_cNiceto Blázquez.
264 1 _aMadrid :
_bBiblioteca de Autores Cristianos,
_c2000.
300 _a482 páginas :
_bilustraciones ;
_c21 cm.
336 _atext
_2rdacontent
337 _aunmediated
_2rdamedia
338 _avolume
_2rdacarrier
490 0 _aBiblioteca de Autores Cristianos. Estudios y Ensayos. Filosofía y Ciencia ;
_v7
500 _aGlosario: ( A-Z ).
504 _aIncluye referencias bibliográficas al final de cada capítulo.
505 0 _aLa bioética como fenómeno cultural de actualidad -- Naturaleza y áreas de conocimiento de la bioética -- Esterilidad traumática y estatuto del embrión humano -- La manipulación genética -- Técnicas avanzadas de procreación humana -- Prácticas degenerativas de la procreación humana -- La clonación agónica de seres humanos -- Contracepción y esterilización -- Diagnóstico prenatal y aborto -- Preselección del sexo y desajustes sexuales -- Experimentación con seres humanos y trasplante de órganos -- Eutanasia y suicidio asistido -- Suicidio y pena de muerte -- El bioderecho y los comités de ética sanitaria -- Aspectos bioéticos de la demencia -- La bioética en el CIC.
526 _aSEG68
526 _aSEG70
526 _aSEG69
526 _aSEG67
526 _aSEG43
526 _aP144
526 _aP143
526 _aP131
526 _aP122
526 _aP120
526 _aP117
526 _aP112
526 _aP110
526 _aP106
526 _aP101
526 _aP80
526 _aP59
526 _aP54
526 _aP35
526 _aP33
526 _aP30
650 0 4 _aBioética
_xEnsayos.
650 0 4 _aClonación.
650 0 4 _aGenética humana.
_9687
942 _2ddc
_cBOOK
949 _a174.2 B57B
_wDEWEY
_c1
_i55898
_d2016-5-31
_e2016-5-30
_lCCODEBUL1
_mBUL
_n2
_p24.00
_r0
_sY
_tBOOK
_u2015-6-25
_xSALUD
_zUNKNOWN
_0COMPRA
_o.STAFF. Colección Ciencias de la Salud
999 _c44736
_d44736
980 _81
_gALBERTO SANCHEZ Responsable de Automatización